Evidencia zásob u obchodníka s použitým tovarom účtujúceho v sústave jednoduchého účtovníctva diplomová práca

Guardado en:
Detalles Bibliográficos
Autor principal: Holubová, Lenka
Autor Corporativo: Fakulta hospodárskej informatiky EU. Katedra účtovníctva a audítorstva
Otros Autores: Parajka, Branislav, 1981-
Formato: Libro
Lenguaje:eslovaco
Publicado: Bratislava 2018
Etiquetas: Agregar Etiqueta
Sin Etiquetas, Sea el primero en etiquetar este registro!

MARC

LEADER 00000nbm a2200000 4500
001 0243466
005 20181108091208.9
041 0 |a slo 
044 |a SK 
245 1 0 |a Evidencia zásob u obchodníka s použitým tovarom účtujúceho v sústave jednoduchého účtovníctva  |b diplomová práca  |c Lenka Holubová ; školiteľ: Branislav Parajka 
264 1 |a Bratislava  |c 2018 
300 |a 61 s. 
100 1 |a Holubová, Lenka 
700 1 |a Parajka, Branislav, 1981- 
710 2 |a Fakulta hospodárskej informatiky EU. Katedra účtovníctva a audítorstva